Fugitiva del tiempo / (Record no. 176623)

MARC details
000 -LEADER
campo de control de longitud fija 00947nam a2200277 i 4500
001 - NÚMERO DE CONTROL
campo de control 176623
003 - IDENTIFICADOR DE NÚMERO DE CONTROL
campo de control ES-MaACL
005 - FECHA Y HORA DE LA ÚLTIMA TRANSACCIÓN
campo de control 20251215172555.0
007 - CAMPO FIJO DE DESCRIPCIÓN FÍSICA--INFORMACIÓN GENERAL
campo de control de longitud fija t|
008 - DATOS DE LONGITUD FIJA--INFORMACIÓN GENERAL
campo de control de longitud fija 110126s2010 sp a ||||1| spa d
020 ## - NÚMERO INTERNACIONAL ESTÁNDAR DEL LIBRO
Número Internacional Estándar del Libro 978-84-8017-296-7
080 ## - NÚMERO DE LA CLASIFICACIÓN DECIMAL UNIVERSAL
Número de la Clasificación Decimal Universal 821.134.2-14"19"
100 1# - ENTRADA PRINCIPAL--NOMBRE DE PERSONA
Nombre de persona Currás, Emilia,
Fechas asociadas al nombre 1927-2020
9 (RLIN) 42228
245 10 - MENCIÓN DEL TÍTULO
Título Fugitiva del tiempo /
Mención de responsabilidad, etc. Emilia Currás ; "De la autora_" de Fina Calderón ; prefacio de Malik Najjar ; traducción de Rifaat Atfé.
250 ## - MENCION DE EDICION
Mención de edición 2ª ed. bilingüe.
260 ## - PUBLICACIÓN, DISTRIBUCIÓN, ETC.
Lugar de publicación, distribución, etc. Madrid :
Nombre del editor, distribuidor, etc. Betania,
Fecha de publicación, distribución, etc. 2010.
300 ## - DESCRIPCIÓN FÍSICA
Extensión 80 p. :
Otras características físicas il. bl. y n. ;
Dimensiones 21 cm.
490 1# - MENCIÓN DE SERIE
Mención de serie Colección Betania de poesía
546 ## - NOTA DE IDIOMA
Nota de lengua/lenguaje Texto en español y en árabe.
700 1# - ENTRADA AGREGADA--NOMBRE PERSONAL
Nombre de persona Calderón, Fina de,
Fechas asociadas al nombre 1927-2010
9 (RLIN) 33598
700 1# - ENTRADA AGREGADA--NOMBRE PERSONAL
Nombre de persona Najjar, Malik.
9 (RLIN) 144890
700 1# - ENTRADA AGREGADA--NOMBRE PERSONAL
Nombre de persona Atfé, Rifaat.
9 (RLIN) 144891
830 0# - PUNTO DE ACCESO ADICIONAL DE SERIE-TÍTULO UNIFORME
Título uniforme Colección Betania de poesía
9 (RLIN) 179829
852 ## - LOCALIZACIÓN
Ubicación ES-MaACL
Número de control de estantería 2270-F-17
Holdings
Estatus retirado Estado de pérdida Estado de daño No para préstamo Colección Biblioteca de origen Biblioteca actual Ubicación en estantería Fecha de adquisición Fuente de adquisición Total de préstamos Signatura topográfica completa Código de barras Visto por última vez Precio de reemplazo Tipo de ítem Koha
        Colección de folletos Biblioteca del Ateneo de Madrid Biblioteca del Ateneo de Madrid Depósito folletos 26/01/2011     2270-F-17 1185484 23/02/2023 23/02/2023 Folleto